Online Catalogue and eLibrary

Diaspora and Immigration (Record no. 1415)

MARC details
000 -LEADER
fixed length control field 00475nam a2200193Ia 4500
005 - DATE AND TIME OF LATEST TRANSACTION
control field 20250129005730.0
008 - FIXED-LENGTH DATA ELEMENTS--GENERAL INFORMATION
fixed length control field 240331s9999 xx 000 0 und d
020 ## - INTERNATIONAL STANDARD BOOK NUMBER
ISBN 0822364646
082 ## - DDC Classification
Item Number - Author Mark MUD
DDC Edition Number 4331
Class No. 304.8
245 #0 - TITLE STATEMENT
Title Diaspora and Immigration
260 ## - PUBLICATION, DISTRIBUTION, ETC.
Place of publication, distribution, etc. Durham
Name of publisher, distributor, etc. Duke University Press
Date of publication, distribution, etc. 1999
300 ## - PHYSICAL DESCRIPTION
Extent (e.g. Volumes, Pages etc.) v, 334 p.,
650 ## - SUBJECT ADDED ENTRY--TOPICAL TERM
Topical term or geographic name entry element Immigration
650 ## - SUBJECT ADDED ENTRY--TOPICAL TERM
Topical term or geographic name entry element Diaspora
650 ## - SUBJECT ADDED ENTRY--TOPICAL TERM
Topical term or geographic name entry element History
700 ## - ADDED ENTRY--PERSONAL NAME
Personal name Mudimbe, V. Y
Relator term (Role) Editor
700 ## - ADDED ENTRY--PERSONAL NAME
Personal name Engel, S
Relator term (Role) Editor
942 ## - Koha item type (Biblio)
Koha item type Books in Stacks (Lending)
Holdings
Lost status Damaged status Collection code Home library Current library Shelving location Date acquired Full call number Accession Number Item type
    Lending WERC Library WERC Library Social Science Cupboard 03/31/2024 304.8 DIA 4331 Books in Stacks (Lending)

© WERC Library